Bilancia plodín v SR za 1. polrok 2005

Salvato in:
Dettagli Bibliografici
Natura: Libro
Lingua:slovacco
Pubblicazione: Bratislava Štatistický úrad Slovenskej republiky 2005
Soggetti:
Tags: Aggiungi Tag
Nessun Tag, puoi essere il primo ad aggiungerne!!

MARC

LEADER 00000nam$a2200000$$$4500
001 0033512
005 20240514141137.4
041 0 |a slo 
044 |a SK 
245 1 0 |a Bilancia plodín v SR za 1. polrok 2005 
264 1 |a Bratislava  |b Štatistický úrad Slovenskej republiky  |c 2005 
300 |a 21 s. 
610 2 0 |a plodiny poľnohospodárske 
610 2 0 |a Slovensko